A hombros de gigantes: las grandes obras de la física y la astronomía

Enregistré dans:
Détails bibliographiques
Auteur principal: Hawking, Stephen W (Auteur)
Format: Livre
Langue:espagnol
Publié: Barcelona Crítica 2003
Édition:2a. ed
Sujets:
Tags: Ajouter un tag
Pas de tags, Soyez le premier à ajouter un tag!

MARC

LEADER 00000cam a2200000 a 4500
001 UCL7302
003 CL-VaPUC
008 040514e20030000SP |||||||||||||||||spa|d
020 |a 8484324354 
082 0 4 |a 509  |b HAW  |2 21 
100 0 |a Hawking, Stephen W  |e author  |9 321623 
245 1 0 |a A hombros de gigantes: las grandes obras de la física y la astronomía 
250 |a 2a. ed 
300 |a 1135 p 
942 |c BK 
945 |d 20040514 00:00:00  |a cmena 
260 |a Barcelona  |b Crítica  |c 2003 
600 0 |a Copérnico, Nicolás  |9 269241 
600 0 |a Galilei, Galileo  |9 264973 
600 0 |a Kepler, Johannes  |d 1571-1630  |9 358157 
600 0 |a Einstein, Albert   |e autor  |9 266229 
650 0 |a Física   |9 227844 
650 7 |a HISTORIA DE LA FISICA  |2 CL-VaPUC  |9 316726 
650 7 |a HISTORIA DE LA ASTRONOMIA  |2 CL-VaPUC  |9 320361 
583 |a last modification  |c 20131003 02:34:19  |k Rodrigo Vera 
999 |c 309145  |d 309143 
952 |0 0  |1 0  |4 0  |6 509_000000000000000_HAW_2003  |7 0  |8 A  |9 376494  |a BIBCUR  |b BIBCUR  |d 2019-11-21  |i 4016912  |l 2  |o 509 HAW 2003  |p 4016912  |r 2025-04-22  |s 2025-03-13  |w 2019-11-21  |y BK  |k FIS 
952 |0 0  |1 0  |4 0  |6 509_000000000000000_HAW_2003  |7 0  |8 A  |9 376495  |a BIBCUR  |b BIBCUR  |d 2019-11-21  |i 402088K  |l 2  |m 1  |o 509 HAW 2003  |p 402088K  |r 2025-04-22  |s 2022-10-21  |w 2019-11-21  |y BK  |k FIS 
952 |0 0  |1 0  |4 0  |6 509_000000000000000_HAW_2003  |7 0  |8 A  |9 376496  |a BIBCUR  |b BIBCUR  |d 2019-11-21  |i 4194209  |l 1  |o 509 HAW 2003  |p 4194209  |r 2025-04-22  |s 2025-03-18  |w 2019-11-21  |y BK  |k FIS